00473nam a2200157 a 4500008004100000020001500041050002200056110001500078245005500093260003900148300001200187350000900199490002900208500004600237650003200283071016s1999 ||||||||||||||||| || u a0821344498 aIBRD(06)CS/1999/1 aWorld Bank10aSlovenia: economic transformation and EU accession aWashington, D.C.bWorld Bankc1999 a2 vols. a0.00 aWorld Bank Country Study aVolume I: Summary; volume II: main report aSLOVENIA -- ECONOMIC POLICY